The narrow path : elementary level
Αποθηκεύτηκε σε:
| Κύριος συγγραφέας: | |
|---|---|
| Μορφή: | Βιβλίο |
| Γλώσσα: | English |
| Δημοσίευση: |
Oxford :
Heinemann,
1992
|
| Θέματα: | |
| Ετικέτες: |
Προσθήκη ετικέτας
Δεν υπάρχουν, Καταχωρήστε ετικέτα πρώτοι!
|
MARC
| LEADER | 00000nam a2200000 i 4500 | ||
|---|---|---|---|
| 001 | 1/22601 | ||
| 008 | 950308s1992 eng d | ||
| 020 | |a 0-435-27202-0 | ||
| 035 | |l 10021930 | ||
| 040 | |a GR-MY-UA |b gre |e aacr | ||
| 041 | 0 | |a eng | |
| 082 | 0 | |a 428.64 | |
| 100 | 1 | |a Selormey, Francis |d 1927- | |
| 245 | 1 | 4 | |a The narrow path : |b elementary level / |c Francis Selormey |
| 260 | |a Oxford : |b Heinemann, |c 1992 | ||
| 650 | 0 | 0 | |a English language |x Readers. |
| 852 | |a INST |b CHIOS |e 19950308 |h 428.64 SEL |p 005200003885 |q 005200003885 |t BK |y 0 | ||
| 909 | |a Χ |b 037399 | ||